000 00422nam a22001697a 4500
003 NUST - PNEC
005 20170116181029.0
008 150919b xxu||||| |||| 00| 0 eng d
020 _a-
040 _cLIBRARY
082 _a621.38195 LYT
100 _911005
_aLytel, Allan
245 _aABC's of computer programming
_cAllan Lytel
260 _cc.1962
650 _911006
_aComputer Programming
_xMIS
942 _2ddc
_cBK
999 _c67691
_d67691